|
|
|
|
| LEADER |
00914cam a2200241 7i4500 |
| 001 |
0000037468 |
| 005 |
20170403090000.0 |
| 008 |
110309 eng |
| 020 |
|
|
|a 9781444332711 (pbk.)
|
| 090 |
0 |
0 |
|a NX180
|b .Y56 2010
|
| 100 |
1 |
|
|a Young, James O
|
| 245 |
1 |
0 |
|a Cultural appropriation and the arts
|c James O. Young.
|
| 260 |
|
|
|a Malden:
|b Wiley-Blackwell,
|c 2010.
|
| 300 |
|
|
|a xiv, 168 p.;
|c 23 cm.
|
| 504 |
|
|
|a Includes bibliographical references and index
|
| 650 |
0 |
0 |
|a Arts and society
|
| 650 |
0 |
0 |
|a Arts --
|x Moral and ethical aspects
|
| 650 |
0 |
0 |
|a Cultural property
|
| 997 |
|
|
|a Education & Social Sciences, Faculty
|b Social Sciences, Department
|
| 998 |
|
|
|a Industrial Psychology, Degree
|
| 999 |
|
|
|a 0000048421
|b BOK
|c OPEN SHELF
|e 1st Floor, Bestari Jaya
|
| 999 |
|
|
|a 0000048422
|b BOK
|c OPEN SHELF
|e 1st Floor, Bestari Jaya
|
| 999 |
|
|
|a 0000048423
|b BOK
|c OPEN SHELF
|e 1st Floor, Bestari Jaya
|